书目信息 |
| 题名: |
北电网络故障排除与优化
|
|
| 作者: | Ragho Maharingam 著 ;天宏工作室 译 | |
| 分册: | ||
| 出版信息: | 北京 清华大学出版社 2002.03 |
|
| 页数: | 534页 | |
| 开本: | 小16开 | |
| 丛书名: | Osborne计算机专业技术丛书 | |
| 单 册: | ||
| 中图分类: | TP316.89 | |
| 科图分类: | ||
| 主题词: | 软件 | |
| 电子资源: | ||
| ISBN: | 7-302-05066-X | |
| 000 | 00767nam0 2200229 45 | |
| 001 | 0206130918 | |
| 005 | 20020613094855.0 | |
| 010 | @a7-302-05066-X@d63.00元 | |
| 100 | @a20020613d2002 km y0chiy0120 ea | |
| 101 | 0 | @achi |
| 105 | @a z 000yy | |
| 200 | 1 | @a北电网络故障排除与优化@ABei Dian Wang Luo Gu Zhang Pai Chu Yu You Hua@f(美)Ragho Maharingam著@F(Mei)Ragho Maharingam Zhu@g天宏工作室译 |
| 210 | @a北京@c清华大学出版社@d2002.03 | |
| 215 | @a534页@d小16开 | |
| 225 | @aOsborne计算机专业技术丛书 | |
| 410 | @12001 @aOsborne计算机专业技术丛书 | |
| 606 | 0 | @a软件 |
| 690 | @aTP316.89@v3 | |
| 701 | 0 | @aRagho Maharingam@4著 |
| 702 | 0 | @a天宏工作室@ATian Hong Gong Zuo Shi@4译 |
| 801 | @aCN@bPftUser@c20020613 | |
| 905 | @aBZT@b340433-435@dTP316.89@e4@f3 | |
| 北电网络故障排除与优化/(美)Ragho Maharingam著/天宏工作室译.-北京:清华大学出版社,2002.03 |
| 534页;小16开.-(Osborne计算机专业技术丛书) |
| ISBN 7-302-05066-X:63.00元 |
| ● |
| 相关链接 |
|
|
|
正题名:北电网络故障排除与优化
索取号:TP316.89/4
 
预约/预借
| 序号 | 登录号 | 条形码 | 馆藏地/架位号 | 状态 | 备注 |
| 1 | 340434 | 201166816 | 中心书库中库/ 中库027架A面2列3层4/ [索取号:TP316.89/4] | 在馆 | |
| 2 | 340435 | 201166825 | 中心书库中库/ 中库027架A面2列3层5/ [索取号:TP316.89/4] | 在馆 |